000 00719nam a2200253Ia 4500
003 OSt
005 20221005081113.0
006 a|||||r|||| 00| 0
007 ta
008 221004b |||||||| |||| 00| 0 eng d
020 _a9789351862321 (pbk)
_c250
024 _a24098
037 _b190, 22/12/2015, Classic Book Service
_cTextual
040 _aCRL
_cCRL
_beng
041 _2eng
_aeng
082 _aYZw2, Q5
100 _aModi Narendra
_9401772
245 0 _aJyotipunj
260 _aNew Delhi
_bPrabhat Prakashan India
_c2015
300 _a261p.
_ccm.
650 _aSOCIOLOGY
942 _hYZw2, Q5
_cTEXL
_2cc
999 _c987158
_d987158